| 000 | 01049nab a22002537a 4500 | ||
|---|---|---|---|
| 999 |
_c6452 _d6452 |
||
| 003 | OSt | ||
| 005 | 20260205092550.0 | ||
| 008 | 190429b xxu||||| |||| 00| 0 spa d | ||
| 040 | _cPJ | ||
| 100 |
_aCueto, A. Mauricio _96546 |
||
| 245 | 1 | 3 |
_aEl art. 194 del Código Penal del Proyecto de Ley Ómnibus / _cA. Mauricio Cueto. |
| 260 |
_cCiudad Autónoma de Buenos Aires : _aThomson Reuters La Ley, _b2024. |
||
| 300 | _ap. 13-35 | ||
| 500 | _aCita: TR LALEY AR/DOC/878/2024. | ||
| 505 | _tSi te interesa el texto completo, solicitalo a koha@justierradelfuego.gov.ar | ||
| 650 | 0 |
_9343 _aDERECHO PENAL |
|
| 650 | 0 |
_92478 _aCODIGO PENAL |
|
| 650 | 0 |
_93282 _aDELITOS CONTRA LA SEGURIDAD DE LOS MEDIOS DE TRANSPORTE Y DE COMUNICACIÓN |
|
| 650 | 0 |
_94216 _aTRANSPORTE DE PASAJEROS |
|
| 650 | 0 |
_92208 _aPENA PRIVATIVA DE LA LIBERTAD |
|
| 650 | 0 |
_92794 _aARMA DE FUEGO |
|
| 773 | 0 |
_02658 _93164 _tRevista de derecho penal y criminología. Nº 4 - Mayo 2024 _dCiudad Autónoma de Buenos Aires : Thomson Reuters La Ley, 2017- _x00347914 |
|
| 942 |
_2udc _cANA |
||